000 00514cam a2200193 4500
001 J64825
008 000000n2001 000 0 eng u
035 _a(Sirsi) u114133
050 _a333.336
110 _aWeatherall Green and Smith
_92055
245 _aIndustrial Rent Survey. - summer 2001
260 _aLondon
_bWeatherall Green and Smith
_c2001
300 _a2p ; 30cm
650 _aINDUSTRIAL PROPERTY
650 _aRENT
650 _aYIELDS
690 _aPROPERTY-COMMERCIAL PROPERTY
942 _n0
999 _c101577
_d101577